000 00464pab a2200157 454500
008 180718b2015 xxu||||| |||| 00| 0 eng d
100 _aMoitra, Tanusree
245 _aFamilial and personality correlates of juvenile delinquency in Kolkata, India
260 _c2015
300 _ap.97-115.
362 _aOct-Dec
650 _aJuvenile delinquency - India - West bengal
650 _aJuvenile delinquency
773 _aIndian Police Journal
909 _a113045
999 _c113040
_d113040